Statistieken voor Alle landen waar een C in zit.

Klik hier om de quiz te nemen!

Algemene statistieken

  • Deze quiz is 21 keer genomen
  • De gemiddelde score is 23 van 29

Antwoordstatistieken

Antwoord% Correct
Canada
100%
Comoren
100%
Cuba
100%
Centraal-Afrikaanse Republiek
94%
Chili
94%
Colombia
94%
China
89%
Cyprus
89%
Dominicaanse Republiek
89%
Congo-Brazzaville
83%
Congo-Kinshasa`
83%
Costa Rica
83%
Dominica
83%
Ecuador
83%
Tsjechië
83%
Nicaragua
78%
Seychellen
78%
Cambodja
72%
Jamaica
72%
Kazachstan
72%
Mexico
72%
Noord-Macedonië
72%
Saint Lucia
72%
Vaticaanstad
72%
Liechtenstein
67%
Monaco
67%
Saint Vincent en de Grenadines
67%
Verenigde Arabische Emiraten
67%
Sao Tomé en Principe
50%

Scoreverdeling

Percentiel versus Aantal Correcte Antwoorden

Procent van Mensen met Elke Score

Uw Scoregeschiedenis

U heeft deze quiz nog niet genomen